[Event "Top 12 2021"]
[Site "Chalons en Champagne, France"]
[Date "2021.06.25"]
[Round "2.4"]
[White "Tregubov, Pavel CLI."]
[Black "Dutreuil, Raphael VIL"]
[Result "1-0"]
[WhiteElo "2557"]
[BlackElo "2309"]

1. d4 Nf6 2. c4 e6 3. Nc3 Bb4 4. e3 O-O 5. Bd3 {[%clk 01:31:07]} c5 6. Nge2
{[%emt 00:00:04]} b6 {[%clk 01:11:33]} {[%emt 00:02:44]} 7. O-O {[%clk
01:31:10]} {[%emt 00:00:27]} Bb7 {[%clk 01:11:56]} {[%emt 00:00:07]} 8. d5
{[%clk 01:27:03]} {[%emt 00:04:37]} Bxc3 {[%clk 01:08:41]} {[%emt 00:03:45]} 9.
Nxc3 {[%clk 01:27:21]} {[%emt 00:00:12]} d6 {[%clk 01:08:41]} {[%emt 00:00:30]}
10. e4 {[%clk 01:27:38]} {[%emt 00:00:14]} e5 {[%clk 01:00:02]} {[%emt
00:09:08]} 11. f4 {[%clk 01:25:26]} {[%emt 00:02:42]} exf4 {[%clk 00:44:59]}
{[%emt 00:15:34]} 12. Bxf4 {[%clk 01:25:49]} {[%emt 00:00:06]} Ne8 {[%clk
00:40:58]} {[%emt 00:04:30]} 13. e5 {[%clk 01:24:00]} {[%emt 00:02:20]} dxe5
{[%clk 00:34:32]} {[%emt 00:06:55]} 14. Bxe5 {[%clk 01:19:23]} {[%emt
00:05:08]} Nd7 {[%clk 00:34:27]} {[%emt 00:00:35]} 15. Bg3 {[%clk 01:19:36]}
{[%emt 00:00:16]} g6 {[%clk 00:30:00]} {[%emt 00:04:58]} 16. Qd2 {[%clk
01:18:18]} {[%emt 00:01:48]} f5 {[%clk 00:25:19]} {[%emt 00:05:11]} 17. Rae1
{[%clk 01:18:28]} {[%emt 00:00:20]} Ndf6 {[%clk 00:25:07]} {[%emt 00:00:42]} 18.
Re2 {[%clk 01:10:52]} {[%emt 00:08:06]} Nh5 {[%clk 00:12:57]} {[%emt 00:12:41]}
19. Be5 {[%clk 01:11:01]} {[%emt 00:00:20]} Nd6 {[%clk 00:12:37]} {[%emt
00:00:51]} 20. Bxd6 {[%clk 00:56:54]} {[%emt 00:14:38]} Qxd6 {[%clk 00:12:40]}
{[%emt 00:00:26]} 21. Nb5 {[%clk 00:57:16]} {[%emt 00:00:09]} Qd7 {[%clk
00:11:05]} {[%emt 00:02:05]} 22. Qg5 {[%clk 00:56:03]} {[%emt 00:01:43]} Rf7
{[%clk 00:04:38]} {[%emt 00:06:58]} 23. Rfe1 {[%clk 00:50:13]} {[%emt
00:06:19]} Nf6 {[%clk 00:01:47]} {[%emt 00:03:21]} 24. Re6 {[%clk 00:49:14]}
{[%emt 00:01:28]} Re8 {[%clk 00:00:36]} {[%emt 00:01:41]} 25. Bxf5 {[%clk
00:49:01]} {[%emt 00:00:43]} 1-0

[Event "Top 12 2021"]
[Site "Chalons en Champagne, France"]
[Date "2021.06.25"]
[Round "2.22"]
[White "Savina, Anastasia VAN"]
[Black "Cornette, Matthieu ASN"]
[Result "0-1"]
[WhiteElo "2333"]
[BlackElo "2566"]

1. d4 {[%clk 01:30:48]} {[%emt 00:00:11]} Nf6 {[%clk 01:30:51]} {[%emt
00:00:09]} 2. c4 {[%clk 01:31:13]} {[%emt 00:00:05]} g6 {[%clk 01:31:00]}
{[%emt 00:00:21]} 3. Nc3 {[%clk 01:29:39]} {[%emt 00:02:04]} Bg7 {[%clk
01:31:04]} {[%emt 00:00:25]} 4. e4 {[%clk 01:29:56]} {[%emt 00:00:14]} d6
{[%clk 01:31:28]} {[%emt 00:00:05]} 5. h3 {[%clk 01:27:05]} {[%emt 00:03:22]}
Nbd7 {[%clk 01:30:21]} {[%emt 00:01:36]} 6. g4 {[%clk 01:17:25]} {[%emt
00:10:11]} e5 {[%clk 01:27:35]} {[%emt 00:03:16]} 7. d5 {[%clk 01:17:35]}
{[%emt 00:00:20]} Nc5 {[%clk 01:27:09]} {[%emt 00:00:55]} 8. Bg2 {[%clk
01:11:26]} {[%emt 00:06:40]} h5 {[%clk 01:20:49]} {[%emt 00:06:50]} 9. b4
{[%clk 01:03:09]} {[%emt 00:08:47]} Na6 {[%clk 01:20:18]} {[%emt 00:01:01]} 10.
g5 {[%clk 00:59:46]} {[%emt 00:03:53]} Nh7 {[%clk 01:18:56]} {[%emt 00:01:52]}
11. Nf3 {[%clk 00:58:04]} {[%emt 00:02:12]} O-O {[%clk 01:16:24]} {[%emt
00:03:01]} 12. a3 {[%clk 00:57:21]} {[%emt 00:01:14]} f6 {[%clk 01:15:54]}
{[%emt 00:01:00]} 13. gxf6 {[%clk 00:56:02]} {[%emt 00:01:49]} Rxf6 {[%clk
01:10:41]} {[%emt 00:05:43]} 14. Ng5 {[%clk 00:44:15]} {[%emt 00:12:17]} Qf8
{[%clk 01:07:02]} {[%emt 00:04:08]} 15. Ra2 {[%clk 00:25:22]} {[%emt 00:19:23]}
Bh6 {[%clk 00:57:06]} {[%emt 00:10:26]} 16. h4 {[%clk 00:20:25]} {[%emt
00:05:27]} Bg4 {[%clk 00:53:12]} {[%emt 00:04:24]} 17. Qd3 {[%clk 00:15:12]}
{[%emt 00:05:44]} Bxg5 {[%clk 00:51:51]} {[%emt 00:01:51]} 18. hxg5 {[%clk
00:15:02]} {[%emt 00:00:40]} Rf7 {[%clk 00:52:16]} {[%emt 00:00:05]} 19. Be3
{[%clk 00:05:49]} {[%emt 00:09:43]} Bf3 {[%clk 00:48:13]} {[%emt 00:04:33]} 20.
Bxf3 {[%clk 00:03:02]} {[%emt 00:03:18]} Rxf3 {[%clk 00:48:35]} {[%emt
00:00:08]} 21. Qe2 {[%clk 00:02:24]} {[%emt 00:01:08]} Rf7 {[%clk 00:38:10]}
{[%emt 00:10:55]} 22. Rc2 {[%clk 00:01:19]} {[%emt 00:01:36]} Qe7 {[%clk
00:36:38]} {[%emt 00:02:01]} 23. Rg1 {[%clk 00:00:59]} {[%emt 00:00:50]} Raf8
{[%clk 00:35:46]} {[%emt 00:01:22]} 24. Nb5 {[%clk 00:00:42]} {[%emt 00:00:47]}
c5 {[%clk 00:33:00]} {[%emt 00:03:16]} 25. dxc6 {[%clk 00:00:53]} {[%emt
00:00:19]} bxc6 {[%clk 00:33:25]} {[%emt 00:00:05]} 26. Nxa7 {[%clk 00:00:54]}
{[%emt 00:00:29]} Nb8 {[%clk 00:32:02]} {[%emt 00:01:54]} 27. b5 {[%clk
00:00:33]} {[%emt 00:00:51]} c5 {[%clk 00:32:04]} {[%emt 00:00:27]} 28. b6
{[%clk 00:00:36]} {[%emt 00:00:28]} Qb7 {[%clk 00:31:53]} {[%emt 00:00:40]} 29.
Nb5 {[%clk 00:00:42]} {[%emt 00:00:24]} Qxb6 {[%clk 00:31:28]} {[%emt
00:00:55]} 30. Rd2 {[%clk 00:01:04]} {[%emt 00:00:09]} Rd8 {[%clk 00:31:07]}
{[%emt 00:00:50]} 31. Qd1 {[%clk 00:00:55]} {[%emt 00:00:39]} Rfd7 {[%clk
00:30:54]} {[%emt 00:00:43]} 32. f4 {[%clk 00:00:52]} {[%emt 00:00:33]} exf4
{[%clk 00:18:16]} {[%emt 00:13:08]} 33. Bxf4 {[%clk 00:01:21]} {[%emt
00:00:01]} Re7 {[%clk 00:17:54]} {[%emt 00:00:52]} 34. Bxd6 {[%clk 00:00:46]}
{[%emt 00:01:06]} Rxe4+ {[%clk 00:14:47]} {[%emt 00:03:36]} 35. Kf1 {[%clk
00:00:45]} {[%emt 00:00:31]} Qb7 {[%clk 00:13:02]} {[%emt 00:02:16]} 36. Bxb8
{[%clk 00:00:31]} {[%emt 00:00:44]} Rxb8 {[%clk 00:05:27]} {[%emt 00:08:05]} 37.
Rd8+ {[%clk 00:00:33]} {[%emt 00:00:28]} Rxd8 {[%clk 00:02:29]} {[%emt
00:03:28]} 38. Qxd8+ {[%clk 00:01:02]} {[%emt 00:00:01]} Kg7 {[%clk 00:02:51]}
39. Qc7+ {[%emt 00:01:08]} Qxc7 40. Nxc7 {[%clk 00:00:32]} Rxc4 {[%emt
00:06:13]} 41. Ke2 Kf7 {[%clk 00:26:26]} {[%emt 00:04:44]} 42. Rf1+ {[%clk
00:20:18]} {[%emt 00:08:42]} Ke7 {[%clk 00:25:45]} {[%emt 00:01:11]} 43. Nd5+
{[%clk 00:20:19]} {[%emt 00:00:29]} Kd6 {[%emt 00:04:34]} 44. Ne3 {[%emt
00:02:49]} Re4 {[%clk 00:18:44]} {[%emt 00:03:30]} 45. Kd3 {[%clk 00:15:26]}
{[%emt 00:03:01]} Rd4+ {[%clk 00:18:14]} {[%emt 00:01:00]} 46. Kc3 {[%clk
00:12:31]} {[%emt 00:03:25]} Ke6 {[%clk 00:16:52]} 47. Rg1 {[%clk 00:09:41]}
{[%emt 00:05:12]} Ke5 {[%clk 00:14:09]} {[%emt 00:03:12]} 48. Nc4+ {[%clk
00:08:26]} {[%emt 00:01:45]} Kf5 {[%clk 00:13:00]} {[%emt 00:01:39]} 49. Re1
{[%clk 00:05:42]} {[%emt 00:03:14]} Nxg5 {[%clk 00:08:56]} {[%emt 00:04:34]} 50.
Re5+ {[%clk 00:06:00]} {[%emt 00:00:12]} Kf4 {[%clk 00:09:15]} {[%emt
00:00:11]} 51. Rxc5 {[%clk 00:06:17]} {[%emt 00:00:13]} Rd8 {[%clk 00:08:13]}
{[%emt 00:01:32]} 52. Rc6 {[%clk 00:05:21]} {[%emt 00:01:27]} Ne4+ {[%clk
00:08:32]} {[%emt 00:00:11]} 53. Kb4 {[%clk 00:05:33]} {[%emt 00:00:17]} g5
{[%clk 00:08:39]} {[%emt 00:00:23]} 54. Rh6 {[%clk 00:04:02]} {[%emt 00:02:01]}
Rb8+ {[%clk 00:06:03]} {[%emt 00:03:06]} 55. Nb6 {[%clk 00:04:07]} {[%emt
00:00:25]} g4 {[%clk 00:06:21]} {[%emt 00:00:13]} 56. Kc4 {[%clk 00:03:11]}
{[%emt 00:01:25]} g3 {[%clk 00:05:50]} {[%emt 00:01:01]} 57. Nd5 {[%clk
00:02:17]} {[%emt 00:01:23]} Kg5 {[%clk 00:05:04]} 58. Rh7 {[%clk 00:02:41]}
{[%emt 00:01:22]} Nd6+ {[%clk 00:04:31]} 59. Kd3 {[%clk 00:02:20]} {[%emt
00:01:54]} Nf5 {[%clk 00:03:53]} 60. Ke2 {[%clk 00:02:20]} h4 {[%clk 00:03:53]}
61. a4 {[%clk 00:02:20]} Rb2+ {[%clk 00:03:48]} {[%emt 00:05:25]} 62. Kf1
{[%clk 00:00:32]} Kg4 {[%clk 00:03:48]} 63. Rc7 {[%clk 00:00:32]} {[%emt
00:01:05]} h3 {[%clk 00:02:59]} 64. Rc4+ {[%clk 00:00:42]} {[%emt 00:01:40]}
Kg5 {[%emt 00:00:38]} 0-1

[Event "Top 12 2021"]
[Site "Chalons en Champagne, France"]
[Date "2021.06.25"]
[Round "2.34"]
[White "Kirk, Ezra AGE"]
[Black "Gajewski, Grzegorz MUL"]
[Result "0-1"]
[WhiteElo "2447"]
[BlackElo "2603"]

1. e4 {[%clk 01:30:55]} {[%emt 00:00:03]} c5 {[%clk 01:30:52]} {[%emt
00:00:08]} 2. Nf3 {[%clk 01:31:20]} {[%emt 00:00:05]} d6 {[%clk 01:31:18]}
{[%emt 00:00:05]} 3. Bb5+ {[%clk 01:31:38]} {[%emt 00:00:12]} Nd7 {[%clk
01:31:42]} {[%emt 00:00:06]} 4. c3 {[%clk 01:31:27]} {[%emt 00:00:41]} Ngf6
{[%clk 01:31:59]} {[%emt 00:00:13]} 5. Qe2 {[%clk 01:31:50]} {[%emt 00:00:07]}
a6 {[%clk 01:32:17]} {[%emt 00:00:12]} 6. Ba4 {[%clk 01:32:13]} {[%emt
00:00:07]} g6 {[%clk 01:32:25]} {[%emt 00:00:22]} 7. d4 {[%clk 01:25:37]}
{[%emt 00:07:06]} Qa5 {[%clk 01:32:06]} {[%emt 00:00:48]} 8. Bc2 {[%clk
01:10:40]} {[%emt 00:15:28]} cxd4 {[%clk 01:32:27]} {[%emt 00:00:09]} 9. Nxd4
{[%clk 01:11:06]} {[%emt 00:00:04]} Bg7 {[%clk 01:32:33]} {[%emt 00:00:24]} 10.
Nd2 {[%clk 01:10:35]} {[%emt 00:01:00]} O-O {[%clk 01:31:28]} {[%emt 00:01:36]}
11. O-O {[%clk 01:10:04]} {[%emt 00:01:01]} Qc7 {[%clk 01:26:03]} {[%emt
00:05:56]} 12. a4 {[%clk 01:09:32]} {[%emt 00:01:02]} b6 {[%clk 01:22:31]}
{[%emt 00:04:03]} 13. Re1 {[%clk 01:02:44]} {[%emt 00:07:17]} Bb7 {[%clk
01:22:27]} {[%emt 00:00:33]} 14. N4f3 {[%clk 00:59:34]} {[%emt 00:03:41]} e5
{[%clk 01:17:31]} {[%emt 00:05:26]} 15. c4 {[%clk 00:50:05]} {[%emt 00:10:00]}
d5 {[%clk 01:12:03]} {[%emt 00:05:57]} 16. Ra3 {[%clk 00:36:42]} {[%emt
00:13:54]} d4 {[%clk 01:05:39]} {[%emt 00:06:53]} 17. Bb1 {[%clk 00:28:06]}
{[%emt 00:09:06]} Rfd8 {[%clk 01:02:01]} {[%emt 00:04:07]} 18. Nh4 {[%clk
00:17:47]} {[%emt 00:10:49]} Nc5 {[%clk 00:58:10]} {[%emt 00:04:21]} 19. b4
{[%clk 00:16:04]} {[%emt 00:02:13]} Ne6 {[%clk 00:58:38]} {[%emt 00:00:02]} 20.
a5 {[%clk 00:15:08]} {[%emt 00:01:27]} bxa5 {[%clk 00:56:38]} {[%emt 00:02:30]}
21. Rxa5 {[%clk 00:15:32]} {[%emt 00:00:06]} d3 {[%clk 00:48:38]} {[%emt
00:08:30]} 22. Qf1 {[%clk 00:13:54]} {[%emt 00:02:08]} Nf4 {[%clk 00:48:34]}
{[%emt 00:00:34]} 23. Bb2 {[%clk 00:08:24]} {[%emt 00:06:00]} Ne2+ {[%clk
00:46:50]} {[%emt 00:02:15]} 24. Rxe2 {[%clk 00:08:51]} {[%emt 00:00:04]} dxe2
{[%clk 00:47:14]} {[%emt 00:00:05]} 25. Qxe2 {[%clk 00:09:19]} {[%emt
00:00:03]} Nh5 {[%clk 00:46:33]} {[%emt 00:01:10]} 26. Nhf3 {[%clk 00:07:19]}
{[%emt 00:02:30]} Nf4 {[%clk 00:46:13]} {[%emt 00:00:49]} 27. Qe3 {[%clk
00:07:45]} {[%emt 00:00:05]} Qd7 {[%clk 00:31:01]} {[%emt 00:15:42]} 28. Rxe5
{[%clk 00:04:00]} {[%emt 00:04:15]} Qg4 {[%clk 00:17:51]} {[%emt 00:13:39]} 29.
g3 {[%clk 00:04:08]} {[%emt 00:00:22]} Bh6 {[%clk 00:17:07]} {[%emt 00:01:14]}
30. Qb6 {[%clk 00:02:22]} {[%emt 00:02:17]} Qxf3 {[%clk 00:13:30]} {[%emt
00:04:07]} 31. Re8+ {[%clk 00:02:18]} {[%emt 00:00:34]} Bf8 {[%clk 00:13:56]}
{[%emt 00:00:04]} 32. Rxf8+ {[%clk 00:01:09]} {[%emt 00:01:40]} Kxf8 {[%clk
00:14:23]} {[%emt 00:00:02]} 33. Qc5+ {[%clk 00:00:39]} {[%emt 00:01:01]} Kg8
{[%clk 00:14:45]} {[%emt 00:00:07]} 0-1

[Event "Top 12 2021"]
[Site "Chalons en Champagne, France"]
[Date "2021.06.25"]
[Round "2.41"]
[White "Duboue, Peio ERD"]
[Black "Fressinet, Laurent BIS"]
[Result "1/2-1/2"]
[WhiteElo "2412"]
[BlackElo "2638"]

1. e4 {[%clk 01:30:57]} {[%emt 00:00:01]} e5 {[%clk 01:30:57]} {[%emt
00:00:04]} 2. Nf3 {[%clk 01:31:22]} {[%emt 00:00:05]} Nc6 {[%clk 01:31:23]}
{[%emt 00:00:04]} 3. Nc3 {[%clk 01:31:24]} {[%emt 00:00:28]} Nf6 {[%clk
01:31:46]} {[%emt 00:00:06]} 4. d4 {[%clk 01:31:37]} {[%emt 00:00:18]} exd4
{[%clk 01:32:06]} {[%emt 00:00:09]} 5. Nxd4 {[%clk 01:32:03]} {[%emt 00:00:05]}
Bb4 {[%clk 01:31:47]} {[%emt 00:00:49]} 6. Nxc6 {[%clk 01:32:27]} {[%emt
00:00:06]} bxc6 {[%clk 01:32:14]} {[%emt 00:00:03]} 7. Bd3 {[%clk 01:32:51]}
{[%emt 00:00:05]} d5 {[%clk 01:32:23]} {[%emt 00:00:21]} 8. exd5 {[%clk
01:33:16]} {[%emt 00:00:06]} O-O {[%clk 01:32:46]} {[%emt 00:00:06]} 9. O-O
{[%clk 01:33:08]} {[%emt 00:00:37]} cxd5 {[%clk 01:33:11]} {[%emt 00:00:05]} 10.
Bg5 {[%clk 01:28:21]} {[%emt 00:05:18]} c6 {[%clk 01:32:23]} {[%emt 00:01:18]}
11. Qf3 {[%clk 01:28:46]} {[%emt 00:00:05]} Bd6 {[%clk 01:32:34]} {[%emt
00:00:19]} 12. Rae1 {[%clk 01:28:50]} {[%emt 00:00:25]} Rb8 {[%clk 01:30:45]}
{[%emt 00:02:20]} 13. Nd1 {[%clk 01:29:01]} {[%emt 00:00:20]} h6 {[%clk
01:27:04]} {[%emt 00:04:11]} 14. Bxf6 {[%clk 01:28:50]} {[%emt 00:00:42]} Qxf6
{[%clk 01:27:28]} {[%emt 00:00:06]} 15. Qxf6 {[%clk 01:29:17]} {[%emt
00:00:03]} gxf6 {[%clk 01:27:49]} {[%emt 00:00:08]} 16. b3 {[%clk 01:29:06]}
{[%emt 00:00:41]} Be6 {[%clk 01:17:16]} {[%emt 00:11:04]} 17. Ne3 {[%clk
01:26:02]} {[%emt 00:03:34]} Bb4 {[%clk 01:13:18]} {[%emt 00:04:28]} 18. Rd1
{[%clk 01:25:46]} {[%emt 00:00:46]} Rfe8 {[%clk 01:08:29]} {[%emt 00:05:19]} 19.
Nf5 {[%clk 01:25:11]} {[%emt 00:01:05]} Bf8 {[%clk 01:04:10]} {[%emt 00:04:49]}
20. Rfe1 {[%clk 01:18:45]} {[%emt 00:06:56]} Bd7 {[%clk 00:59:45]} {[%emt
00:04:55]} 21. Rxe8 {[%clk 01:04:20]} {[%emt 00:14:56]} Rxe8 {[%clk 00:55:38]}
{[%emt 00:04:36]} 22. Ng3 {[%clk 00:59:05]} {[%emt 00:05:46]} Bb4 {[%clk
00:48:08]} {[%emt 00:08:00]} 23. Kf1 {[%clk 00:48:09]} {[%emt 00:11:25]} Kf8
{[%clk 00:44:41]} {[%emt 00:03:56]} 24. Bf5 {[%clk 00:43:59]} {[%emt 00:04:41]}
Be6 {[%clk 00:44:00]} {[%emt 00:01:12]} 25. h3 {[%clk 00:43:02]} {[%emt
00:01:27]} a5 {[%clk 00:41:01]} {[%emt 00:03:29]} 26. Bd3 {[%clk 00:41:36]}
{[%emt 00:01:55]} c5 {[%clk 00:30:19]} {[%emt 00:11:12]} 27. Bb5 {[%clk
00:40:31]} {[%emt 00:01:35]} Rb8 {[%clk 00:25:13]} {[%emt 00:05:37]} 28. Bc6
{[%clk 00:38:41]} {[%emt 00:02:20]} d4 {[%clk 00:21:32]} {[%emt 00:04:10]} 29.
Be4 {[%clk 00:36:02]} {[%emt 00:03:10]} a4 {[%clk 00:17:22]} {[%emt 00:04:40]}
30. Nf5 {[%clk 00:30:36]} {[%emt 00:05:55]} h5 {[%clk 00:09:43]} {[%emt
00:08:10]} 31. Ng3 {[%clk 00:29:45]} {[%emt 00:01:21]} h4 {[%clk 00:07:11]}
{[%emt 00:03:03]} 32. Nf5 {[%clk 00:29:29]} {[%emt 00:00:46]} Bxf5 {[%clk
00:04:16]} {[%emt 00:03:25]} 33. Bxf5 {[%clk 00:29:55]} {[%emt 00:00:05]} a3
{[%clk 00:04:29]} {[%emt 00:00:16]} 34. Bd3 {[%clk 00:27:49]} {[%emt 00:02:35]}
Re8 {[%clk 00:04:32]} {[%emt 00:00:27]} 35. Bb5 {[%clk 00:25:30]} {[%emt
00:02:50]} Re5 {[%clk 00:04:35]} {[%emt 00:00:27]} 36. g3 {[%clk 00:21:11]}
{[%emt 00:04:49]} hxg3 {[%clk 00:03:22]} {[%emt 00:01:44]} 37. fxg3 {[%clk
00:21:37]} {[%emt 00:00:04]} Re3 {[%clk 00:03:49]} {[%emt 00:00:03]} 38. Kg2
{[%clk 00:19:40]} {[%emt 00:02:27]} Be1 {[%clk 00:03:21]} {[%emt 00:00:57]} 39.
g4 {[%clk 00:15:02]} {[%emt 00:05:07]} Kg7 {[%clk 00:03:13]} {[%emt 00:00:39]}
40. Bf1 {[%clk 00:42:07]} {[%emt 00:03:25]} Bh4 {[%clk 00:31:36]} {[%emt
00:02:06]} 41. Bd3 {[%clk 00:41:22]} {[%emt 00:01:15]} Be1 {[%clk 00:29:11]}
{[%emt 00:02:55]} 42. Kf1 {[%clk 00:21:34]} {[%emt 00:20:18]} Ba5 {[%clk
00:26:03]} {[%emt 00:03:38]} 43. Kg2 {[%clk 00:17:55]} {[%emt 00:04:09]} Bc7
{[%clk 00:23:15]} {[%emt 00:03:18]} 44. h4 {[%clk 00:15:02]} {[%emt 00:03:23]}
Kf8 {[%clk 00:14:48]} {[%emt 00:08:57]} 45. Rg1 {[%clk 00:14:42]} {[%emt
00:00:50]} Bf4 {[%clk 00:12:31]} {[%emt 00:02:47]} 46. h5 {[%clk 00:12:51]}
{[%emt 00:02:21]} Kg7 {[%clk 00:11:09]} {[%emt 00:01:51]} 47. Rh1 {[%clk
00:09:17]} {[%emt 00:04:05]} Rg3+ {[%clk 00:09:30]} {[%emt 00:02:08]} 48. Kf2
{[%clk 00:09:41]} {[%emt 00:00:07]} Kh6 {[%clk 00:09:36]} {[%emt 00:00:24]} 49.
Re1 {[%clk 00:07:52]} {[%emt 00:02:19]} Rxg4 {[%clk 00:06:16]} {[%emt
00:03:50]} 50. Kf3 {[%clk 00:06:53]} {[%emt 00:01:29]} Rh4 {[%clk 00:06:10]}
{[%emt 00:00:35]} 51. Re7 {[%clk 00:06:54]} {[%emt 00:00:29]} Be5 {[%clk
00:02:20]} {[%emt 00:04:18]} 52. Rxf7 {[%clk 00:07:23]} {[%emt 00:00:03]} Rf4+
{[%clk 00:02:05]} {[%emt 00:00:44]} 53. Ke4 {[%emt 00:01:40]} 1/2-1/2

[Event "Top 12 2021"]
[Site "Chalons en Champagne, France"]
[Date "2021.06.25"]
[Round "2.43"]
[White "Eugene, Floryan ERD"]
[Black "Ragger, Markus BIS"]
[Result "0-1"]
[WhiteElo "2343"]
[BlackElo "2680"]

1. e4 {[%clk 01:30:55]} {[%emt 00:00:03]} c5 {[%clk 01:30:59]} {[%emt
00:00:03]} 2. Nf3 {[%clk 01:30:53]} {[%emt 00:00:32]} d6 {[%clk 01:31:27]}
{[%emt 00:00:02]} 3. d4 {[%clk 01:30:43]} {[%emt 00:00:40]} cxd4 {[%clk
01:31:54]} {[%emt 00:00:03]} 4. Nxd4 {[%clk 01:31:06]} {[%emt 00:00:07]} Nf6
{[%clk 01:32:19]} {[%emt 00:00:05]} 5. Nc3 {[%clk 01:31:31]} {[%emt 00:00:06]}
a6 {[%clk 01:32:46]} {[%emt 00:00:03]} 6. Be3 {[%clk 01:30:39]} {[%emt
00:01:22]} e5 {[%clk 01:33:00]} {[%emt 00:00:16]} 7. Nb3 {[%clk 01:31:03]}
{[%emt 00:00:06]} Be7 {[%clk 01:33:24]} {[%emt 00:00:05]} 8. h3 {[%clk
01:28:21]} {[%emt 00:03:12]} h6 {[%clk 01:33:01]} {[%emt 00:00:54]} 9. Qf3
{[%clk 01:18:00]} {[%emt 00:10:51]} b5 {[%clk 01:19:58]} {[%emt 00:13:33]} 10.
O-O-O {[%clk 01:10:49]} {[%emt 00:07:41]} b4 {[%clk 01:14:49]} {[%emt
00:05:39]} 11. Nd5 {[%clk 01:04:37]} {[%emt 00:06:42]} Nxd5 {[%clk 01:14:59]}
{[%emt 00:00:19]} 12. exd5 {[%clk 01:04:20]} {[%emt 00:00:46]} Qc7 {[%clk
00:59:54]} {[%emt 00:15:36]} 13. Bd3 {[%clk 00:57:32]} {[%emt 00:07:19]} a5
{[%clk 00:45:02]} {[%emt 00:15:22]} 14. Kb1 {[%clk 00:51:28]} {[%emt 00:06:34]}
Nd7 {[%clk 00:42:09]} {[%emt 00:03:22]} 15. Qg3 {[%clk 00:43:08]} {[%emt
00:08:50]} Bf6 {[%clk 00:32:56]} {[%emt 00:09:44]} 16. Nd2 {[%clk 00:41:55]}
{[%emt 00:01:43]} Bb7 {[%clk 00:31:10]} {[%emt 00:02:15]} 17. Ne4 {[%clk
00:38:10]} {[%emt 00:04:16]} Bxd5 {[%clk 00:25:57]} {[%emt 00:05:43]} 18. Nxf6+
{[%clk 00:28:10]} {[%emt 00:10:29]} gxf6 {[%clk 00:25:43]} {[%emt 00:00:45]} 19.
Bf5 {[%clk 00:28:18]} {[%emt 00:00:22]} Be6 {[%clk 00:17:27]} {[%emt 00:08:46]}
20. Bxe6 {[%clk 00:23:49]} {[%emt 00:04:59]} fxe6 {[%emt 00:00:49]} 21. Qg6+
{[%clk 00:20:10]} {[%emt 00:04:05]} Kd8 {[%clk 00:17:39]} {[%emt 00:00:02]} 22.
Qf7 {[%clk 00:19:38]} {[%emt 00:01:03]} Re8 {[%clk 00:15:01]} {[%emt 00:03:08]}
23. f4 {[%clk 00:18:20]} {[%emt 00:01:48]} a4 {[%clk 00:12:53]} {[%emt
00:02:38]} 24. fxe5 {[%clk 00:15:32]} {[%emt 00:03:18]} Nxe5 {[%clk 00:13:13]}
{[%emt 00:00:09]} 25. Qxf6+ {[%clk 00:14:00]} {[%emt 00:02:03]} Kc8 {[%clk
00:13:42]} 26. Bf4 {[%clk 00:12:21]} {[%emt 00:02:09]} Nc4 {[%clk 00:11:18]}
{[%emt 00:02:54]} 27. Rhe1 {[%clk 00:11:28]} {[%emt 00:01:22]} e5 {[%clk
00:10:35]} {[%emt 00:01:14]} 28. Qg6 {[%clk 00:09:16]} {[%emt 00:02:42]} Kb7
{[%clk 00:10:46]} {[%emt 00:00:19]} 29. Qe4+ {[%clk 00:08:13]} {[%emt
00:01:33]} Qc6 {[%clk 00:11:12]} {[%emt 00:00:03]} 30. Bxh6 {[%clk 00:08:22]}
{[%emt 00:00:22]} Rad8 {[%clk 00:09:40]} {[%emt 00:02:02]} 31. Rd5 {[%clk
00:04:49]} {[%emt 00:04:04]} Nb6 {[%clk 00:09:59]} {[%emt 00:00:11]} 32. Rb5
{[%clk 00:05:15]} {[%emt 00:00:04]} d5 {[%clk 00:10:16]} {[%emt 00:00:13]} 33.
Qxb4 {[%clk 00:05:37]} {[%emt 00:00:07]} Qxh6 {[%clk 00:10:29]} {[%emt
00:00:17]} 34. Qxa4 {[%clk 00:04:23]} {[%emt 00:01:45]} Qc6 {[%clk 00:08:08]}
{[%emt 00:02:50]} 35. Qb4 {[%clk 00:04:00]} {[%emt 00:00:54]} Qd6 {[%clk
00:07:24]} {[%emt 00:01:14]} 36. Qb3 {[%clk 00:03:43]} {[%emt 00:00:48]} Rb8
{[%clk 00:06:39]} {[%emt 00:01:14]} 37. Rd1 {[%clk 00:03:38]} {[%emt 00:00:36]}
d4 {[%clk 00:05:39]} {[%emt 00:01:30]} 38. c4 {[%clk 00:01:03]} {[%emt
00:01:50]} Kc7 {[%clk 00:05:28]} 39. Rc1 {[%clk 00:01:03]} Nd7 {[%clk
00:33:12]} {[%emt 00:03:04]} 40. Qa4 {[%emt 00:03:22]} Ra8 {[%clk 00:33:12]} 41.
Qc2 {[%clk 00:25:34]} {[%emt 00:05:44]} Ra6 {[%emt 00:16:25]} 42. Rd1 {[%emt
00:00:35]} Qg6 {[%clk 00:20:55]} {[%emt 00:03:06]} 43. Rd3 {[%emt 00:07:11]}
Rc6 {[%emt 00:03:23]} 44. c5 {[%clk 00:16:50]} {[%emt 00:00:02]} Rf8 {[%clk
00:11:34]} {[%emt 00:03:08]} 45. a4 {[%clk 00:10:42]} {[%emt 00:06:40]} Rf2
{[%clk 00:11:13]} {[%emt 00:00:50]} 46. Qxf2 {[%clk 00:10:46]} {[%emt
00:00:27]} Qxd3+ {[%clk 00:11:42]} {[%emt 00:00:01]} 47. Ka2 {[%clk 00:10:16]}
{[%emt 00:01:00]} Rxc5 {[%clk 00:11:54]} {[%emt 00:00:18]} 48. Rxc5+ {[%clk
00:10:14]} {[%emt 00:00:32]} Nxc5 {[%clk 00:12:21]} {[%emt 00:00:02]} 49. Qf7+
{[%clk 00:10:35]} {[%emt 00:00:09]} Nd7 {[%clk 00:10:25]} {[%emt 00:02:26]} 50.
Qd5 {[%clk 00:11:01]} {[%emt 00:00:05]} Qc2 {[%clk 00:06:18]} {[%emt 00:04:35]}
51. Qa5+ {[%clk 00:10:20]} {[%emt 00:01:12]} Kd6 {[%clk 00:06:35]} {[%emt
00:00:11]} 52. h4 {[%clk 00:10:08]} d3 {[%clk 00:06:05]} {[%emt 00:01:44]} 53.
h5 {[%clk 00:10:24]} {[%emt 00:00:14]} d2 {[%clk 00:05:38]} {[%emt 00:00:57]}
54. Qb4+ {[%clk 00:10:51]} {[%emt 00:00:04]} Kd5 {[%clk 00:05:14]} {[%emt
00:00:53]} 55. Qa5+ {[%clk 00:11:12]} {[%emt 00:00:10]} Ke6 {[%clk 00:05:26]}
{[%emt 00:00:16]} 56. Qa6+ {[%clk 00:11:38]} {[%emt 00:00:06]} Ke7 {[%clk
00:05:49]} {[%emt 00:00:06]} 0-1